000 01330nam a2200157Ia 4500
008 210323s9999||||xx |||||||||||||| ||und||
040 _cSTCPL
041 _hMAL
082 _a510
_bTHO-V
100 _aThomas P.T.
245 0 _aVaastavika samkhyakalum mitikasthalangalum
_hവാസ്തവിക സംഖ്യകളും മിതികസ്ഥലങ്ങളും
260 _aThiruvananthapuram
_bKerala Bhasha Institute
_c1972
300 _a1-viii, 1-196
650 _aMathematicsകേരളത്തിലെ അവസാദി ശിലകള്‍, കേരളത്തിലെ പ്രാചീന ശിലകളുടെ റേഡിയോമെട്രിക് പ്രായം, ചൈനാക്ളേ ഖനനം കേരളത്തില്‍, ലാറ്റെറൈറ്റ് അഥവാ ചീക്കല്ല്, ജിയോളജീയ ചിത്രണവും ഖനിജാന്വേഷണവും കേരളത്തില്‍, കേരളത്തിലെ കളിമണ്‍നിക്ഷേപങ്ങള്‍, ഭൂവിജ്ഞാനം കൃഷിശാസ്ത്രത്തില്‍, കേരള ഭൂവിജ്ഞാനീയം, കൊച്ചി പ്രദേശത്തിന്‍റെ ഭൂവിജ്ഞാനം
942 _cBK
999 _c31281
_d31281